Kate and the clock

Αποθηκεύτηκε σε:
Λεπτομέρειες βιβλιογραφικής εγγραφής
Κύριος συγγραφέας: Dunkling, Leslie
Μορφή: Βιβλίο
Γλώσσα:English
Δημοσίευση: Essex : Longman, 1972
Σειρά:Longman structural readers ; ; Stage 1
Θέματα:
Ετικέτες: Προσθήκη ετικέτας
Δεν υπάρχουν, Καταχωρήστε ετικέτα πρώτοι!

MARC

LEADER 00000nam a2200000 i 4500
001 1/87457
008 990723s1972 eng d
020 |a 0-582-53708-8 
035 |l 10052301 
040 |a GR-MY-UA  |b gre  |e aacr 
041 0 |a eng 
082 0 |a 428.6 
100 1 |a Dunkling, Leslie. 
245 1 0 |a Kate and the clock /  |c Leslie Dunkling ; illustrated by Sumiko 
260 |a Essex :   |b Longman,   |c 1972 
300 |a 15 p.  |e 1 sound cassette 
490 1 |a Longman structural readers  |v ; Stage 1 
500 |a Η κασέτα που συνοδεύει το βιβλίο έχει καταχωρηθεί στην εγγραφή: The battle of Newton Road με αρ.εισ. 05609 c.1 και 05610 c.2 γιατί είναι κοινή 
650 0 0 |a Readers  |x Fiction. 
650 0 0 |a Readers (Elementary) 
830 0 |a Longman structural readers ;  |v ; Stage 1 
852 |a INST  |b RHODES  |e 19990723  |h 428.6 DUN  |p 005400002240  |q 005400002240  |t BK  |y 0 
852 |a INST  |b RHODES  |e 19990723  |h 428.6 DUN  |p 005400002241  |q 005400002241  |t BK  |y 0 
852 |a INST  |b RHODES  |e 19990723  |h 428.6 DUN  |p 005400002242  |q 005400002242  |t BK  |y 0 
852 |a INST  |b RHODES  |e 19990723  |h 428.6 DUN  |p 005400002243  |q 005400002243  |t BK  |y 0 
852 |a INST  |b RHODES  |e 19990723  |h 428.6 DUN  |p 005400002244  |q 005400002244  |t BK  |y 0 
852 |a INST  |b RHODES  |e 19990723  |h 428.6 DUN  |p 005400002245  |q 005400002245  |t BK  |y 0 
852 |a INST  |b RHODES  |e 19990723  |h 428.6 DUN  |p 005400002246  |q 005400002246  |t BK  |y 0 
852 |a INST  |b RHODES  |e 19990723  |h 428.6 DUN  |p 005400002247  |q 005400002247  |t BK  |y 0 
852 |a INST  |b RHODES  |e 19990723  |h 428.6 DUN  |p 005400002248  |q 005400002248  |t BK  |y 0 
852 |a INST  |b RHODES  |e 19990723  |h 428.6 DUN  |p 005400002249  |q 005400002249  |t BK  |y 0 
852 |a INST  |b RHODES  |e 19990723  |h 428.6 DUN  |p 005400002250  |q 005400002250  |t BK  |y 0 
852 |a INST  |b RHODES  |e 19990723  |h 428.6 DUN  |p 005400002251  |q 005400002251  |t BK  |y 0 
852 |a INST  |b RHODES  |e 19990723  |h 428.6 DUN  |p 005400002252  |q 005400002252  |t BK  |y 0 
852 |a INST  |b RHODES  |e 19990723  |h 428.6 DUN  |p 005400002253  |q 005400002253  |t BK  |y 0 
852 |a INST  |b RHODES  |e 19990723  |h 428.6 DUN  |p 005400002254  |q 005400002254  |t BK  |y 0 
852 |a INST  |b RHODES  |e 19990723  |h 428.6 DUN  |p 005400002255  |q 005400002255  |t BK  |y 0 
852 |a INST  |b RHODES  |e 19990723  |h 428.6 DUN  |p 005400002256  |q 005400002256  |t BK  |y 0 
852 |a INST  |b RHODES  |e 19990723  |h 428.6 DUN  |p 005400004385  |q 005400004385  |t BK  |y 0 
852 |a INST  |b RHODES  |e 19990723  |h 428.6 DUN  |p 005400004386  |q 005400004386  |t BK  |y 0 
852 |a INST  |b RHODES  |e 19990723  |h 428.6 DUN  |p 005400004387  |q 005400004387  |t BK  |y 0 
909 |a Ρ  |b 005548 
909 |a Ρ  |b 005549 
909 |a Ρ  |b 005550 
909 |a Ρ  |b 005551 
909 |a Ρ  |b 005552 
909 |a Ρ  |b 005553 
909 |a Ρ  |b 005554 
909 |a Ρ  |b 005555 
909 |a Ρ  |b 005556 
909 |a Ρ  |b 005557 
909 |a Ρ  |b 005558 
909 |a Ρ  |b 005559 
909 |a Ρ  |b 005560 
909 |a Ρ  |b 005561 
909 |a Ρ  |b 005562 
909 |a Ρ  |b 005563 
909 |a Ρ  |b 005564 
909 |a Ρ  |b 005565 
909 |a Ρ  |b 005566 
909 |a Ρ  |b 005567 
922 |a 4ΕΛΗ  |b 198612  |c ΑΓΟΡΑ 
970 |z 1999/07/23  |a ΧΟΡΟΖΙΔΟΥ  |b ΤΖΕΝΗ